00502 2200181 4500001002100000005001700021008004100038035002400079082001000103090001700113100001800130245006100148260004200209300002100251650002300272856000900295990001600304YOGYA-0311000000032820110321140208.0 ind  0010-031100000000328 a113.8 a113.8bCam M aCamus, Albert aMite SisifusbPergulatan dengan AbsurditascAlbert Camus aJAkartabGramedia Pustaka Utamac1999 a196 hlm.c20 cm. aFilsafat kehidupan aBPAD a104-PN/P.01